[Event "SVK-chT1E 2223"]
[Site "Slovakia"]
[Date "2023.02.04"]
[Round "8.1"]
[White "Antal, Jakub"]
[Black "Haring, Filip"]
[Result "0-1"]
[WhiteElo "1913"]
[BlackElo "2475"]
[PlyCount "50"]
[EventDate "2022.10.15"]
[EventType "team-tourn"]
[EventRounds "11"]
[EventCountry "SVK"]
[SourceTitle "EXT 2024"]
[Source "ChessBase"]
[SourceDate "2023.10.10"]
[SourceVersion "1"]
[SourceVersionDate "2023.10.10"]
[SourceQuality "1"]
[WhiteTeam "Kosice Slavia TU"]
[BlackTeam "Banska Bystrica Junior"]
[WhiteTeamCountry "SVK"]
[BlackTeamCountry "SVK"]

1. e4 c5 2. a3 g6 3. Nc3 Bg7 4. b4 b6 5. Rb1 Nc6 6. Bc4 e6 7. Nf3 Nge7 8. b5 Nd4 9. Nxd4 cxd4 10. Ne2 Bb7 11. d3 d5 12. exd5 Nxd5 13. 0-0 0-0 14. Bb2 Qg5 15. Ng3 Qh4 16. Qe1 Nf4 17. f3 Bd5 18. Bxd5 Nxd5 19. Ne2 Qxe1 20. Rfxe1 Rac8 21. Nxd4 Bxd4+ 22. Bxd4 Rxc2 23. Rb2 Rfc8 24. Reb1 Nf4 25. Be5 Rc1+ 0-1

[Event "SVK-chT1E 2223"]
[Site "Slovakia"]
[Date "2023.01.14"]
[Round "7.2"]
[White "Antal, Jakub"]
[Black "Sepesi, Samuel"]
[Result "1-0"]
[WhiteElo "1913"]
[BlackElo "2108"]
[PlyCount "35"]
[EventDate "2022.10.15"]
[EventType "team-tourn"]
[EventRounds "11"]
[EventCountry "SVK"]
[SourceTitle "EXT 2024"]
[Source "ChessBase"]
[SourceDate "2023.10.10"]
[SourceVersion "1"]
[SourceVersionDate "2023.10.10"]
[SourceQuality "1"]
[WhiteTeam "Kosice Slavia TU"]
[BlackTeam "Humenne Reinter II"]
[WhiteTeamCountry "SVK"]
[BlackTeamCountry "SVK"]

1. e4 c5 2. a3 Nc6 3. b4 cxb4 4. axb4 Nxb4 5. c3 Nc6 6. d4 d5 7. exd5 Qxd5 8. Na3 Bf5 9. Nf3 Nf6 10. Be2 e6 11. Nb5 Rc8 12. Bf4 Qd7 13. Nxa7 Nxa7 14. Rxa7 Nd5 15. Ne5 Qe7 16. Qa4+ Kd8 17. Qa5+ b6 18. Qa6 1-0

[Event "SVK-chT1E 2122"]
[Site "Slovakia"]
[Date "2022.04.23"]
[Round "8.7"]
[White "Hujo, Jozef"]
[Black "Antal, Jakub"]
[Result "1/2-1/2"]
[WhiteElo "1924"]
[BlackElo "1896"]
[PlyCount "86"]
[EventDate "2022.01.29"]
[EventType "team-tourn"]
[EventRounds "11"]
[EventCountry "SVK"]
[SourceTitle "EXT 2024"]
[Source "ChessBase"]
[SourceDate "2023.10.10"]
[SourceVersion "1"]
[SourceVersionDate "2023.10.10"]
[SourceQuality "1"]
[WhiteTeam "Michalovce Zemplin"]
[BlackTeam "Kosice Slavia TU"]
[WhiteTeamCountry "SVK"]
[BlackTeamCountry "SVK"]

1. d4 Nf6 2. Bf4 d6 3. e3 g6 4. Nf3 Bg7 5. c4 0-0 6. Be2 Nbd7 7. Nc3 c5 8. 0-0 a6 9. Rc1 Rb8 10. dxc5 Nxc5 11. b4 Ne6 12. Bg3 Nh5 13. Qb3 Nxg3 14. hxg3 b6 15. Rfd1 Bb7 16. Nd4 Qd7 17. Bg4 Nxd4 18. Bxd7 Nxb3 19. axb3 Rfd8 20. Bg4 h5 21. Bf3 Bxf3 22. gxf3 Bxc3 23. Rxc3 Ra8 24. Kg2 a5 25. bxa5 Rxa5 26. e4 Rc8 27. Rcd3 Ra2 28. f4 Rc5 29. Rd5 Rb2 30. Rxc5 bxc5 31. Rd3 f6 32. e5 dxe5 33. fxe5 Kf7 34. exf6 exf6 35. Rd5 Rxb3 36. Rxc5 Rc3 37. Rc6 g5 38. c5 Ke7 39. Rc8 Kd7 40. Rh8 Rxc5 41. Rxh5 Ke6 42. g4 Rc4 43. Kg3 Rf4 1/2-1/2

[Event "SVK-chT 2122"]
[Site "Slovakia"]
[Date "2022.03.13"]
[Round "6.8"]
[White "Antal, Jakub"]
[Black "Tropp, Frantisek"]
[Result "1-0"]
[WhiteElo "1895"]
[BlackElo "2076"]
[PlyCount "129"]
[EventDate "2021.10.23"]
[EventType "team-tourn"]
[EventRounds "11"]
[EventCountry "SVK"]
[SourceTitle "EXT 2023"]
[Source "ChessBase"]
[SourceDate "2022.10.05"]
[SourceVersion "1"]
[SourceVersionDate "2022.10.05"]
[SourceQuality "1"]
[WhiteTeam "Kosice Slavia UPJS"]
[BlackTeam "Liptov Chess School"]
[WhiteTeamCountry "SVK"]
[BlackTeamCountry "SVK"]

1. e4 e5 2. Bc4 Nf6 3. d3 Nc6 4. Nf3 Be7 5. 0-0 d6 6. c3 0-0 7. Re1 Na5 8. Bb5 a6 9. Ba4 b5 10. Bc2 c5 11. Nbd2 Qc7 12. Nf1 Nc6 13. Bg5 h6 14. Bxf6 Bxf6 15. Ne3 Be6 16. Bb3 Bxb3 17. Qxb3 Ne7 18. Nd5 Nxd5 19. Qxd5 Rab8 20. a3 Rfc8 21. b3 c4 22. dxc4 bxc4 23. b4 Be7 24. a4 Rb6 25. Red1 Qc6 26. Qxc6 Rbxc6 27. Rd5 g6 28. g4 Kg7 29. Kg2 Kf6 30. Kg3 Ke6 31. Nh4 Bg5 32. f3 Bf4+ 33. Kg2 h5 34. gxh5 Rh8 35. b5 Rcc8 36. Kf2 Bxh2 37. Rad1 Rcd8 38. hxg6 fxg6 39. Nxg6 Rhg8 40. Rh1 Bg3+ 41. Kxg3 Rxg6+ 42. Kf2 axb5 43. Rxb5 Rdg8 44. Rb4 Rg2+ 45. Ke3 Rc2 46. Rxc4 Rgg2 47. Rc7 Kf6 48. Kd3 Rgd2+ 49. Kc4 Ra2 50. Ra7 Kg5 51. Rb1 Kf4 52. Rf7+ Ke3 53. Kb4 Kd3 54. Rb3 Kc2 55. c4 Ra1 56. Ra7 Rh1 57. a5 Rh8 58. a6 Rd1 59. Rc3+ Kd2 60. Rb7 Ra1 61. Ra3 Rb1+ 62. Ka5 Rc1 63. a7 Ra8 64. Ka6 Rxc4 65. Rb8 1-0

[Event "SVK-chT 2122"]
[Site "Slovakia"]
[Date "2022.03.12"]
[Round "5.8"]
[White "Kusiak, Matej"]
[Black "Antal, Jakub"]
[Result "1-0"]
[WhiteElo "2245"]
[BlackElo "1895"]
[PlyCount "71"]
[EventDate "2021.10.23"]
[EventType "team-tourn"]
[EventRounds "11"]
[EventCountry "SVK"]
[SourceTitle "EXT 2023"]
[Source "ChessBase"]
[SourceDate "2022.10.05"]
[SourceVersion "1"]
[SourceVersionDate "2022.10.05"]
[SourceQuality "1"]
[WhiteTeam "Prakovce"]
[BlackTeam "Kosice Slavia UPJS"]
[WhiteTeamCountry "SVK"]
[BlackTeamCountry "SVK"]

1. e4 Nf6 2. Nc3 d5 3. e5 Ne4 4. Qf3 Nxc3 5. dxc3 c5 6. Bf4 Bf5 7. Bb5+ Nc6 8. Bd3 Bxd3 9. Qxd3 e6 10. Nf3 Be7 11. 0-0 Qa5 12. b3 b5 13. Qe2 h6 14. a4 b4 15. cxb4 Qxb4 16. Bd2 Qb7 17. Ne1 Rc8 18. Qg4 Kf8 19. f4 g6 20. Qh3 Nd4 21. Rd1 Qa6 22. Be3 Nf5 23. Bf2 Kg7 24. g4 Nd4 25. Bxd4 cxd4 26. Rd3 h5 27. f5 exf5 28. gxf5 Bb4 29. Nf3 Rxc2 30. Ng5 Bd2 31. f6+ Kg8 32. Rxd2 Rxd2 33. Qd7 Rg2+ 34. Kxg2 Qe2+ 35. Rf2 Qg4+ 36. Qxg4 1-0

[Event "SVK-chT1E 2122"]
[Site "Slovakia"]
[Date "2022.02.26"]
[Round "4.4"]
[White "Antal, Jakub"]
[Black "Dlabik, Jozef"]
[Result "1-0"]
[WhiteElo "1896"]
[BlackElo "1924"]
[PlyCount "67"]
[EventDate "2022.01.29"]
[EventType "team-tourn"]
[EventRounds "11"]
[EventCountry "SVK"]
[SourceTitle "EXT 2023"]
[Source "ChessBase"]
[SourceDate "2022.10.05"]
[SourceVersion "1"]
[SourceVersionDate "2022.10.05"]
[SourceQuality "1"]
[WhiteTeam "Kosice Slavia TU"]
[BlackTeam "Dunajov Inbest II"]
[WhiteTeamCountry "SVK"]
[BlackTeamCountry "SVK"]

1. e4 e5 2. Bc4 Nc6 3. Nf3 Bc5 4. 0-0 Nf6 5. d3 d6 6. c3 Bg4 7. h3 Bh5 8. Nbd2 Qd7 9. a4 a6 10. Re1 h6 11. Nf1 g5 12. Ng3 Bg6 13. d4 Bb6 14. Bb3 0-0-0 15. a5 Ba7 16. Ba4 Qe7 17. Bxc6 bxc6 18. Qe2 Kb7 19. Ra4 c5 20. Ra3 Rb8 21. Rb3+ Ka8 22. Rxb8+ Rxb8 23. Qxa6 Qd7 24. dxe5 g4 25. exf6 gxf3 26. gxf3 h5 27. h4 c6 28. Rd1 Re8 29. Be3 Re6 30. Bxc5 Rxf6 31. e5 Rxf3 32. Bxa7 Qxa7 33. Qxa7+ Kxa7 34. exd6 1-0

[Event "Stare Mesto op"]
[Site "Stare Mesto"]
[Date "2021.08.19"]
[Round "7"]
[White "Antal, Jakub"]
[Black "Blazek, Matej"]
[Result "1/2-1/2"]
[WhiteElo "1940"]
[BlackElo "1743"]
[PlyCount "42"]
[EventDate "2021.08.13"]
[EventType "swiss"]
[EventRounds "9"]
[EventCountry "CZE"]
[SourceTitle "CBM 203 Extra"]
[Source "ChessBase"]
[SourceDate "2021.09.30"]
[SourceVersion "1"]
[SourceVersionDate "2021.09.30"]
[SourceQuality "1"]

1. e4 c6 2. Bc4 d5 3. Bb3 dxe4 4. Qh5 e6 5. Nc3 Nf6 6. Qh4 Nbd7 7. Nxe4 Nxe4 8. Qxe4 Nf6 9. Qe2 Bd6 10. Nf3 Qc7 11. d4 0-0 12. Bd2 c5 13. 0-0-0 a6 14. dxc5 Bxc5 15. Bc3 Be7 16. g4 Qf4+ 17. Kb1 Qe4 18. Rhe1 Qxe2 19. Rxe2 b5 20. Ne5 Bb7 21. f4 Rfd8 1/2-1/2

[Event "SVK-ch Amateurs"]
[Site "Topolcany"]
[Date "2021.08.08"]
[Round "5"]
[White "Antal, Jakub"]
[Black "Pejko, Otomar"]
[Result "1/2-1/2"]
[WhiteElo "1940"]
[BlackElo "2123"]
[PlyCount "57"]
[EventDate "2021.08.06"]
[EventType "swiss"]
[EventRounds "7"]
[EventCountry "SVK"]
[SourceTitle "EXT 2022"]
[Source "ChessBase"]
[SourceDate "2021.10.06"]
[SourceVersion "1"]
[SourceVersionDate "2021.10.06"]
[SourceQuality "1"]

1. e4 e5 2. Bc4 Nc6 3. d3 Nf6 4. Nf3 Be7 5. 0-0 0-0 6. Nbd2 d6 7. c3 Bg4 8. h3 Bd7 9. Bb3 g6 10. Re1 Nh5 11. Nc4 b5 12. Ne3 Nf4 13. Nd5 g5 14. d4 Kh8 15. dxe5 dxe5 16. Nxe7 Qxe7 17. Bxf4 gxf4 18. Qd5 f6 19. a4 b4 20. Rad1 Rad8 21. Kf1 a6 22. Bc4 bxc3 23. bxc3 Qa3 24. Bxa6 Qxc3 25. Rc1 Qxf3 26. gxf3 Bxh3+ 27. Kg1 Rxd5 28. exd5 Nd4 29. Be2 1/2-1/2

[Event "Liptovsky Jan Slovak op U2200"]
[Site "Liptovsky Jan"]
[Date "2021.06.20"]
[Round "6"]
[White "Antal, Jakub"]
[Black "Bochnickova, Andrea"]
[Result "1-0"]
[WhiteElo "1852"]
[BlackElo "2139"]
[PlyCount "91"]
[EventDate "2021.06.17"]
[EventType "swiss"]
[EventRounds "7"]
[EventCountry "SVK"]
[SourceTitle "CBM 203 Extra"]
[Source "ChessBase"]
[SourceDate "2021.09.30"]
[SourceVersion "1"]
[SourceVersionDate "2021.09.30"]
[SourceQuality "1"]

1. e4 c5 2. a3 e6 3. b4 d6 4. Nf3 Nf6 5. Nc3 Be7 6. bxc5 dxc5 7. Bc4 Nc6 8. d3 0-0 9. 0-0 Qc7 10. Bb2 a6 11. a4 Nd4 12. Nxd4 cxd4 13. Ne2 e5 14. f4 Ng4 15. Rf3 Ne3 16. Qd2 Bg4 17. Rf2 Nxc4 18. dxc4 Qxc4 19. fxe5 Bb4 20. Qd3 Bxe2 21. Rxe2 Rac8 22. Ba3 Qxd3 23. cxd3 Bxa3 24. Rxa3 Rc1+ 25. Kf2 Rfc8 26. Rb3 R8c7 27. Rb4 Rd7 28. Reb2 Rcc7 29. Rb6 Kf8 30. e6 fxe6 31. Rxe6 Kf7 32. Reb6 Ke7 33. Kf3 Rc3 34. R2b3 Rxb3 35. Rxb3 Kd6 36. Rb4 Kc5 37. Rc4+ Kb6 38. e5 Ka5 39. Ke4 b5 40. axb5 axb5 41. Rxd4 Rb7 42. e6 b4 43. Rd7 Rb6 44. Rd5+ Ka4 45. e7 Rb8 46. Rd8 1-0

[Event "Liptovsky Jan Slovak op U2200"]
[Site "Liptovsky Jan"]
[Date "2021.06.19"]
[Round "4"]
[White "Antal, Jakub"]
[Black "Slivka, Vasil"]
[Result "1-0"]
[WhiteElo "1852"]
[BlackElo "1525"]
[PlyCount "57"]
[EventDate "2021.06.17"]
[EventType "swiss"]
[EventRounds "7"]
[EventCountry "SVK"]
[SourceTitle "CBM 203 Extra"]
[Source "ChessBase"]
[SourceDate "2021.09.30"]
[SourceVersion "1"]
[SourceVersionDate "2021.09.30"]
[SourceQuality "1"]

1. e4 c6 2. Bc4 d5 3. Bb3 e6 4. e5 Ne7 5. Nf3 Nf5 6. d4 Nd7 7. 0-0 a6 8. c3 c5 9. Bc2 Ne7 10. Ng5 Ng6 11. Qh5 Ndxe5 12. dxe5 Nxe5 13. f4 g6 14. Qe2 Nc6 15. f5 e5 16. fxg6 f6 17. Nf7 Qe7 18. Nxh8 h6 19. g7 Qxg7 20. Qh5+ Kd8 21. Nf7+ Kc7 22. Bxh6 Qg8 23. Bxf8 Qxf8 24. Nxe5 Nxe5 25. Qxe5+ fxe5 26. Rxf8 Rb8 27. Nd2 e4 28. Nxe4 dxe4 29. Bxe4 1-0

[Event "SVK-ch U20"]
[Site "Lubovna"]
[Date "2020.08.19"]
[Round "6"]
[White "Rucek, Peter"]
[Black "Antal, Jakub"]
[Result "1-0"]
[WhiteElo "1794"]
[BlackElo "1939"]
[PlyCount "119"]
[EventDate "2020.08.15"]
[EventType "swiss"]
[EventRounds "9"]
[EventCountry "SVK"]
[SourceTitle "EXT 2021"]
[Source "ChessBase"]
[SourceDate "2020.10.23"]
[SourceVersion "1"]
[SourceVersionDate "2020.10.23"]
[SourceQuality "1"]

1. d4 Nf6 2. Bf4 d6 3. Nc3 Nbd7 4. Nf3 g6 5. e4 Bg7 6. Qd2 0-0 7. 0-0-0 c6 8. Bh6 Qc7 9. h4 Bxh6 10. Qxh6 Ng4 11. Qd2 h5 12. Ng5 b5 13. f3 Ngf6 14. Be2 b4 15. Nb1 Qa5 16. g4 Ba6 17. Bxa6 Qxa6 18. gxh5 Nxh5 19. Rdg1 Qxa2 20. Qxb4 Rab8 21. Qa3 Qxa3 22. Nxa3 Ndf6 23. Nh3 Rb4 24. c3 Rb3 25. Rh2 Rfb8 26. Re2 d5 27. e5 Nd7 28. f4 e6 29. Rgg2 Nb6 30. Nc2 Nc4 31. Na1 R3b6 32. b3 Na5 33. b4 Nc4 34. Nb3 a5 35. Nxa5 Nxa5 36. bxa5 Rb1+ 37. Kd2 Ra1 38. Kd3 Rxa5 39. f5 Kg7 40. fxe6 fxe6 41. Ref2 c5 42. Ng5 c4+ 43. Ke3 Ra6 44. Rf7+ Kg8 45. Re7 Rb3 46. Rc2 Ng7 47. Kf4 Rb1 48. Rf2 Rbb6 49. Rd7 Nf5 50. Nh7 Rb1 51. Kg5 Rg1+ 52. Kf6 Ng3 53. Ng5 Ne4+ 54. Nxe4 dxe4 55. Rd6 Ra8 56. Ke7 Rg3 57. Rxe6 Rf3 58. Rxf3 exf3 59. Rxg6+ Kh7 60. Rf6 1-0

[Event "SVK-ch U20"]
[Site "Lubovna"]
[Date "2020.08.16"]
[Round "2"]
[White "Varga, Lukas"]
[Black "Antal, Jakub"]
[Result "1-0"]
[WhiteElo "2036"]
[BlackElo "1939"]
[PlyCount "51"]
[EventDate "2020.08.15"]
[EventType "swiss"]
[EventRounds "9"]
[EventCountry "SVK"]
[SourceTitle "EXT 2021"]
[Source "ChessBase"]
[SourceDate "2020.10.23"]
[SourceVersion "1"]
[SourceVersionDate "2020.10.23"]
[SourceQuality "1"]

1. e4 Nf6 2. e5 Nd5 3. d4 d6 4. Nf3 g6 5. Bc4 Nb6 6. Bb3 Bg7 7. Ng5 e6 8. Qf3 Qe7 9. Ne4 dxe5 10. Bg5 Qb4+ 11. c3 Qa5 12. Bf6 0-0 13. Be7 Re8 14. Bb4 Qb5 15. a4 Qc6 16. a5 f5 17. axb6 fxe4 18. Qe2 Qxb6 19. Nd2 c6 20. Nc4 Qd8 21. dxe5 Nd7 22. Nd6 Nxe5 23. Qxe4 Rf8 24. 0-0 Bd7 25. Nxb7 Qg5 26. f4 1-0

[Event "Drienica Saris op"]
[Site "Drienica"]
[Date "2020.08.15"]
[Round "9"]
[White "Brnusak, Tomas"]
[Black "Antal, Jakub"]
[Result "1-0"]
[WhiteElo "2064"]
[BlackElo "1939"]
[PlyCount "62"]
[EventDate "2020.08.07"]
[EventType "swiss"]
[EventRounds "9"]
[EventCountry "SVK"]
[SourceTitle "CBM 197 Extra"]
[Source "ChessBase"]
[SourceDate "2020.09.30"]
[SourceVersion "1"]
[SourceVersionDate "2020.09.30"]
[SourceQuality "1"]

1. c4 c5 2. Nc3 Nf6 3. g3 g6 4. Bg2 Bg7 5. Nf3 0-0 6. 0-0 Nc6 7. d3 d6 8. e4 Ne8 9. Ne1 Nc7 10. f4 Ne6 11. Nc2 Ned4 12. Ne3 f5 13. exf5 gxf5 14. Rb1 Bd7 15. h3 e6 16. a3 a5 17. Qe1 Rf7 18. g4 fxg4 19. hxg4 Qe7 20. Qg3 Raf8 21. Bd2 Nb3 22. Ne4 Nxd2 23. Nxd2 Nd4 24. Rbe1 Bc6 25. Ne4 Qd7 26. Qh2 Bf6 27. g5 Bd8 28. Ng4 Bxe4 29. Bxe4 Rg7 30. Kh1 Nf5 31. Rf3 Qf7 1-0

[Event "Drienica Saris op"]
[Site "Drienica"]
[Date "2020.08.08"]
[Round "2"]
[White "Frink, Ferenc"]
[Black "Antal, Jakub"]
[Result "1-0"]
[WhiteElo "2079"]
[BlackElo "1939"]
[PlyCount "50"]
[EventDate "2020.08.07"]
[EventType "swiss"]
[EventRounds "9"]
[EventCountry "SVK"]
[SourceTitle "CBM 197 Extra"]
[Source "ChessBase"]
[SourceDate "2020.09.30"]
[SourceVersion "1"]
[SourceVersionDate "2020.09.30"]
[SourceQuality "1"]

1. e4 Nf6 2. e5 Nd5 3. d4 d6 4. f4 dxe5 5. fxe5 Nc6 6. c3 Bf5 7. Bd3 Qd7 8. Nf3 Bxd3 9. Qxd3 e6 10. 0-0 Be7 11. b4 f6 12. b5 Nd8 13. Ba3 Nf7 14. exf6 Bxf6 15. Nbd2 0-0-0 16. Nb3 e5 17. Rae1 Rhe8 18. dxe5 Nxe5 19. Nxe5 Bxe5 20. c4 Nc3 21. Qf3 Bd4+ 22. Kh1 Kb8 23. Rxe8 Rxe8 24. Nxd4 Qxd4 25. Bb2 Qe4 1-0

[Event "SVK-chT1E 1920"]
[Site "Slovakia"]
[Date "2020.06.20"]
[Round "10.6"]
[White "Antal, Jakub"]
[Black "Ihnat, Marek1111"]
[Result "1/2-1/2"]
[WhiteElo "1939"]
[BlackElo "2065"]
[PlyCount "102"]
[EventDate "2019.10.12"]
[EventType "team-tourn"]
[EventRounds "11"]
[EventCountry "SVK"]
[SourceTitle "EXT 2022"]
[Source "ChessBase"]
[SourceDate "2021.10.06"]
[SourceVersion "1"]
[SourceVersionDate "2021.10.06"]
[SourceQuality "1"]
[WhiteTeam "Kosice Slavia TU II"]
[BlackTeam "Michalovce Zemplin"]
[WhiteTeamCountry "SVK"]
[BlackTeamCountry "SVK"]

1. c4 Nf6 2. Nc3 c5 3. g3 d5 4. cxd5 Nxd5 5. Bg2 Nc7 6. Nf3 Nc6 7. 0-0 e5 8. d3 Be7 9. Nd2 0-0 10. Nc4 f6 11. f4 exf4 12. Bxf4 Be6 13. Bxc7 Qxc7 14. Bd5 Bxd5 15. Nxd5 Qd7 16. e4 Nd4 17. Qh5 Bd6 18. Nxf6+ Rxf6 19. Rxf6 gxf6 20. Qd5+ Qe6 21. Qxe6+ Nxe6 22. Nxd6 Rd8 23. Nxb7 Rb8 24. Nd6 Rxb2 25. Nc4 Rc2 26. a4 Ng5 27. Rb1 Nf3+ 28. Kf1 Nxh2+ 29. Kg1 Nf3+ 30. Kf1 Nd2+ 31. Nxd2 Rxd2 32. Rb8+ Kg7 33. Rb7+ Kg6 34. Rxa7 Rxd3 35. Rc7 Rxg3 36. Rxc5 Re3 37. Rc4 Ra3 38. Kg2 Kg5 39. Rc5+ Kg4 40. Rf5 Ra2+ 41. Rf2 Rxa4 42. Rxf6 Rxe4 43. Rh6 Re2+ 44. Kf1 Re7 45. Kg2 Kg5 46. Ra6 Re5 47. Ra4 h5 48. Kh3 Re3+ 49. Kg2 Re5 50. Kh3 h4 51. Rg4+ Kf5 1/2-1/2

[Event "SVK-chT2D 1920"]
[Site "Slovakia"]
[Date "2020.02.15"]
[Round "8.7"]
[White "Antal, Jakub"]
[Black "Sedmak, Viktor"]
[Result "1-0"]
[WhiteElo "1892"]
[BlackElo "1720"]
[PlyCount "31"]
[EventDate "2019.10.26"]
[EventType "team-tourn"]
[EventRounds "11"]
[EventCountry "SVK"]
[SourceTitle "CBM 195 Extra"]
[Source "ChessBase"]
[SourceDate "2020.05.31"]
[SourceVersion "1"]
[SourceVersionDate "2020.05.31"]
[SourceQuality "1"]
[WhiteTeam "Kosice Slavia TU IV"]
[BlackTeam "Gelnica Slovan"]
[WhiteTeamCountry "SVK"]
[BlackTeamCountry "SVK"]

1. Nf3 d5 2. b3 Nc6 3. Bb2 Nf6 4. e3 e6 5. Bb5 Bd7 6. Bxc6 Bxc6 7. d3 Bb4+ 8. Nbd2 0-0 9. 0-0 b5 10. Ne5 Be8 11. f4 Bc5 12. Rf3 Bd6 13. Rh3 Bxe5 14. Bxe5 g6 15. Qe2 Nd7 16. Qh5 1-0

[Event "EU-ch U16"]
[Site "Bratislava"]
[Date "2019.08.10"]
[Round "9"]
[White "Barak, David"]
[Black "Antal, Jakub"]
[Result "1-0"]
[WhiteElo "2055"]
[BlackElo "1963"]
[PlyCount "45"]
[EventDate "2019.08.02"]
[EventType "swiss"]
[EventRounds "9"]
[EventCountry "SVK"]
[SourceTitle "CBM 191 Extra"]
[Source "ChessBase"]
[SourceDate "2019.09.30"]
[SourceVersion "1"]
[SourceVersionDate "2019.09.30"]
[SourceQuality "1"]

1. d4 Nf6 2. c4 c5 3. d5 b5 4. cxb5 a6 5. bxa6 g6 6. Nc3 Bxa6 7. e4 Bxf1 8. Kxf1 d6 9. Nf3 Bg7 10. g3 0-0 11. Kg2 Nbd7 12. a4 Ra6 13. Qc2 Qa8 14. Ra3 e6 15. Nb5 Rc8 16. dxe6 fxe6 17. Re1 d5 18. exd5 Nxd5 19. Kg1 e5 20. Qe4 N7f6 21. Qc4 e4 22. Ng5 Re8 23. Nc7 1-0

[Event "SVK-ch U16"]
[Site "Liptovsky Mikulas"]
[Date "2019.04.29"]
[Round "8"]
[White "Antal, Jakub"]
[Black "Sandor, Martin"]
[Result "1/2-1/2"]
[WhiteElo "1904"]
[BlackElo "2015"]
[PlyCount "44"]
[EventDate "2019.04.23"]
[EventType "swiss"]
[EventRounds "9"]
[EventCountry "SVK"]
[SourceTitle "CBM 190 Extra"]
[Source "ChessBase"]
[SourceDate "2019.07.15"]
[SourceVersion "1"]
[SourceVersionDate "2019.07.15"]
[SourceQuality "1"]

1. e4 c5 2. Nf3 d6 3. Bb5+ Bd7 4. Bxd7+ Nxd7 5. 0-0 Ngf6 6. Re1 g6 7. c3 Bg7 8. d4 0-0 9. Bg5 h6 10. Bh4 g5 11. Bg3 Nh5 12. Na3 Rc8 13. Nc2 Nxg3 14. hxg3 e6 15. Ne3 b5 16. Qd3 Qb6 17. Rad1 Rfd8 18. Nh2 cxd4 19. cxd4 Nf6 20. f4 d5 21. e5 Ne4 22. f5 h5 1/2-1/2

[Event "SVK-ch U16"]
[Site "Liptovsky Mikulas"]
[Date "2019.04.27"]
[Round "6"]
[White "Viczencz, Peter"]
[Black "Antal, Jakub"]
[Result "1/2-1/2"]
[WhiteElo "2055"]
[BlackElo "1904"]
[PlyCount "57"]
[EventDate "2019.04.23"]
[EventType "swiss"]
[EventRounds "9"]
[EventCountry "SVK"]
[SourceTitle "CBM 190 Extra"]
[Source "ChessBase"]
[SourceDate "2019.07.15"]
[SourceVersion "1"]
[SourceVersionDate "2019.07.15"]
[SourceQuality "1"]

1. e4 c5 2. Nf3 Nc6 3. d4 cxd4 4. Nxd4 g6 5. c4 Bg7 6. Be3 Nf6 7. Nc3 d6 8. Be2 0-0 9. 0-0 Bd7 10. Rc1 Nxd4 11. Bxd4 Bc6 12. Qd3 a5 13. Qe3 Nd7 14. Bxg7 Kxg7 15. Rfd1 Qb6 16. Qxb6 Nxb6 17. Nd5 Bxd5 18. exd5 Rfc8 19. Rc3 Nd7 20. Rb3 Nc5 21. Rb5 Ra7 22. b3 Ne4 23. Rd3 Nf6 24. g3 Ne8 25. Re3 Kf8 26. a3 Nc7 27. Rb6 Na8 28. Rb5 Nc7 29. Rb6 1/2-1/2